International Valuation Standards Committee (Record no. 119636)

MARC details
000 -LEADER
fixed length control field 00792cam a2200193 4500
001 - CONTROL NUMBER
control field WS108217
008 - FIXED-LENGTH DATA ELEMENTS--GENERAL INFORMATION
fixed length control field 000000n 000 0 eng u
035 ## - SYSTEM CONTROL NUMBER
System control number (Sirsi) u108217
110 ## - MAIN ENTRY--CORPORATE NAME
Corporate name or jurisdiction name as entry element International Valuation Standards Committee
9 (RLIN) 3611
245 ## - TITLE STATEMENT
Title International Valuation Standards Committee
520 ## - SUMMARY, ETC.
Summary, etc. Web site for this international committee including full text of the current standards and statements of applications and performance guidance.
650 ## - SUBJECT ADDED ENTRY--TOPICAL TERM
Topical term or geographic name entry element INTERNATIONAL VALUATION STANDARDS
650 24 - SUBJECT ADDED ENTRY--TOPICAL TERM
Topical term or geographic name entry element INTERNATIONAL VALUATION STANDARDS COUNCIL (IVSC)
650 ## - SUBJECT ADDED ENTRY--TOPICAL TERM
Topical term or geographic name entry element VALUATION STANDARDS
650 ## - SUBJECT ADDED ENTRY--TOPICAL TERM
Topical term or geographic name entry element GUIDANCE NOTES
690 ## - LOCAL SUBJECT ADDED ENTRY--TOPICAL TERM (OCLC, RLIN)
Topical term or geographic name as entry element PROPERTY-PROPERTY APPRAISAL AND VALUATION
856 40 - ELECTRONIC LOCATION AND ACCESS
Uniform Resource Identifier <a href="https://www.ivsc.org">https://www.ivsc.org</a>
Public note View the website free of charge at www.ivsc.org...
942 ## - ADDED ENTRY ELEMENTS (KOHA)
Suppress in OPAC 0
Holdings
Withdrawn status Lost status Source of classification or shelving scheme Damaged status Not for loan Home library Current library Shelving location Date acquired Total Checkouts Full call number Barcode Date last seen Copy number Price effective from Koha item type
    Dewey Decimal Classification     Virtual Virtual Online 08/09/2000   WEB SITE 108217-2001 06/08/2019 1 06/08/2019 Online material